000
00273nam a2200109Ia 4500
008
220204s9999 xx 000 0 und d
082
_a
62(031)
_b
CLA
245
0
_a
Encyclopedia of how it is made
260
_a
London
_b
Marshall
_c
1974
700
_a
Clarke, Donald
942
_c
BK
999
_c
30428
_d
30428